000 00463nam a2200169Ia 4500
999 _c1370
_d1370
003 OSt
005 20211102112802.0
008 190216s9999||||xx |||||||||||||| ||und||
040 _c oclc
082 _a581
_bPAN/T
100 _aPandey, S N
_92549
245 0 _aA Textbook Of Botany /
_cS N Pandey
260 _bVikas Publishing House,
_c1977.
_aNew Delhi:
300 _a531p
650 _aBotany
942 _cBK
_2ddc
_h581
_iPAN/T
_k581
_mPAN/T